000 00690nam a22002297a 4500
001 sjds170002
003 sjds
005 20170207145034.0
008 170207b ||||| |||| 00| 0 spa d
020 _a9780881130829
_q(pbk.)
040 _csjds
041 _aspa
082 _a248.842
100 _aEldredge, John,
_d1960-
245 _a La travesía del corazón salvaje :
_bun mapa para la jornada masculina
260 _aNashville :
_bGrupo Nelson,
_c2006.
300 _axiii, 301 p. ;
_c22 cm.
650 _aHombres cristianos
_xVida religiosa.
650 _aMasculinidad
_xAspectos religiosos
_xCristianismo.
730 _aWay of the wild heart.
_lSpanish
942 _2ddc
_cBK
999 _c16482
_d16482